000 00674nam a2200217 a 4500
999 _c3007
_d3007
001 3007
003 BD-JhCC
005 20171109095727.0
008 171109s19831985bg |||| ||a| 000 0 ben d
035 _a(BD-JhCC)3007
040 _aBD-JhCC
_dBD-JhCC
041 _aben
082 _a891.443
_bVOT 1985
100 _aভট্টাচার্য, নিমাই
245 _aজার্নালিস্টের জার্নাল /
_cনিমাই ভট্টাচার্য,
260 _aঢাকা :
_bঅনুপম প্রকাশনী,
_c1985
300 _a173 p. :
_c20 cm.
650 _aBengali Novel
942 _2ddc
_cBK